Регионална библиотека "Любен Каравелов" - Русе

Статистическата информация и четвъртата власт (Запис номер 15715)

MARC детайли
000 -Лидер
Контролно поле с фиксирана дължина 01751nam a2200349 c 4500
003 - Код на организацията, давaща контролен номер
Контролно поле BLK
005 - Дата и час на последна редакция
Контролно поле 20180420215102.0
008 - Елементи от данни с фиксирана дължина
fixed length control field 180413b bul|||||r ||||||| ||bul||
010 ## - Наследен системен номер
LC control number KNG00017516000
040 ## - Източник на каталожния запис
Идентификатор на билиотеката - собственик на записа BLK
041 ## - Код за език
Код за езика на текст/звукозапис или на отделно заглавие Български
Код за езика КДБФ Български
080 ## - УДК
Текстов определител УДК Официална статистика. Обща организация на статистиката.
УДК код - определител по УДК 311.3
УДК определител
УДК - код + определител 311.3
080 ## - УДК
Текстов определител УДК Социология на комуникацията. Социология на средствата за масови комуникации, за масова култура и пропаганда. Аудиовизия(социол. аспекти)
УДК код - определител по УДК 316.77
УДК определител
УДК - код + определител 316.77
100 1# - Редна дума - Автор
Автор Николов, Александър Иванов
Авторска отговорност първи автор
R(LIN) 260496
139 ## - Редно поле
Редна дума Николов, Александър Иванов и др.
Авторски знак Николо - Н 74
245 10 - Сведения за заглавието
Заглавие Статистическата информация и четвъртата власт
Редно поле (дума) Александър Иванов Николов; съавт. Захари Тодоров Карамфилов.
257 ## - Страна на издаване
Страна на създаване/издаване България
260 ## - Област на издателските данни
-- София
Име на издателя, разпространителя и проч. Статист. изд.
Година на издаване 1997
300 ## - Физическа характеристика
Страници 301 с.
Илюстрации и др. с табл., факс., диагр.
Размери/Мащаб 22 см
380 ## - Жанр
Жанр Обществени науки
500 ## - Общи забележки
Забележка Деп. списък: 22 Изд. на Нац. статист. инст ; 800 тир
650 #4 - Допълнително описание по предмет – тема
Основно описание – тема или топоним Информация, статистическа
9 (RLIN) 260498
650 #4 - Допълнително описание по предмет – тема
Основно описание – тема или топоним Масови комуникации
9 (RLIN) 252854
653 ## - Ключова дума – ненормативна
Ключова дума информация
653 ## - Ключова дума – ненормативна
Ключова дума власт
700 1# - Други автори (авторска отговорност)
Лично име Карамфилов, Захари Тодоров
Автороска отговорност (Описва отношението между автора и произведението) съавт.
9 (RLIN) 260497
852 ## - Местоположение
Форматна сигнатура Цб 192890
856 4# - Електронен адрес и достъп
Електронен формат pdf - файл
Път до файла /url/
856 4# - Електронен адрес и достъп
Електронен формат pdf - файл
Път до файла /url/
942 ## - АРТИКУЛИ
Вид на библиотечния материал Книги
Скрит в OPAC Не
944 ## - СЪЗДАВАНЕ И РЕДАКЦИЯ на ЗАПИСА
Създаване/Редакция Създаване
Дата на регистрацията/редакция 15.01.2003
Служител, извършил регистрацията/редакцията Кети_Илиева
944 ## - СЪЗДАВАНЕ И РЕДАКЦИЯ на ЗАПИСА
Създаване/Редакция Редакция
Дата на регистрацията/редакция 20.12.2016
Служител, извършил регистрацията/редакцията Ивелин_Попов
999 ## - СИСТЕМНИ КОНТРОЛНИ НОМЕРА
Koha biblionumber 15715
Koha biblioitemnumber 15715
Наличности
Код за отписване Код за изгубен артикул Източник на класификационната схема Код за повреда Коз за рестрикции Код за отдаване Артикулен № Име на библиотеката - собственик Име на библиотеката, в която се намира в момента Статус (Текущо местоположение) Дата на вписване в системата Местоположение - отдел Цена в лева Инвентарен номер Систематично азбучна сигнатура Баркод Номер на екземпляра Цена в евро Служебен тип на артикула Служебна бележка
  Не е изгубен Universal Decimal Classification Не е повреден без рестрикции ползва се в читалня 26625 Регионална библиотека "Любен Каравелов" Русе Регионална библиотека "Любен Каравелов" Русе Хранилище 2001-01-01 Хранилище 0.00 632747 Цб 192890 120000632747 1 0.00 Книги  
  Не е изгубен Universal Decimal Classification Не е повреден без рестрикции ползва се в читалня 26626 Регионална библиотека "Любен Каравелов" Русе Регионална библиотека "Любен Каравелов" Русе Читалня 1998-01-01 Читалня 2.00 636909 Ч 31/Н 74 120000636909 2 1.02 Книги Дост: Pk Вид: Ф N: стар фонд Дата: 01.01.1998 Дата инв: 22.03.2017 Бележки инв: Ч2017
  Не е изгубен Universal Decimal Classification Не е повреден без рестрикции заемане за дома 26627 Регионална библиотека "Любен Каравелов" Русе Регионална библиотека "Любен Каравелов" Русе Заемна - подръчен фонд 1997-01-01 Заемна - подръчен фонд 2.00 636910 П 311/Н 74 120000636910 3 1.02 Книги N: стар фонд Дата: 01.01.1997 Дата инв: 02.02.2018 Бележки инв: П2018
Vip Innovations Ltd, Rousse, Bulgaria 2025